000 00447nam a22001337a 4500
040 _cNUST
082 _a200 THE
100 _aFaryal Gula
_984394
110 _aSupervisor Dr. Amir Hamza
_984395
245 _aTH-SOF-1890-Design, Validation, Prototype Development of a Miniaturized, Compliant Torque Sensing System for use in Exoskeletons.
260 _aISLAMABAD:
_bNUST COLLEGE OF EME,
_c2021.
650 _aMS-MTS-17
_984396
942 _2ddc
_cTHE
999 _c586834
_d586834